00651nam a2200193Ia 4500952013300000999001700133003000400150005001700154008004100171020001800212040000900230082002100239100002600260245005500286260004700341300000900388650001200397942004800409 00102ddc40708ESSAYaMESbMEScENGd2019-02-20g650.00l0o891.40936 RAJ/Gp36661r2019-02-20 00:00:00w2019-02-20yBKzGR9R4 c14580d14580OSt20201022113454.0190216s9999||||xx |||||||||||||| ||und|| a9788176257275 coclc a891.40936bRAJ/G aRajakrishnan, V95309 4aThe Green Symphony /cV Rajakrishnan ; Ujjwal Jana bSarup Book Publishers ,c2011.aNew Delhi: a161p aEnglish cBK2ddch891.40936iRAJ/Gk891.40936mRAJ/G